000 01354nam a2200241Ia 4500
008 191128s9999 xx 000 0 und d
082 _aH
082 _b SAMd
100 _aSamper Ospina, Daniel, autor
245 0 _a10 hitos en los que Colombia cambia el chip /
245 0 _cDaniel Samper Ospina ; caricaturistas Émerson Gaviria Cortés, Alfredo Ramírez Parra, Alberto Barreto, Julio César Gonzalez [y otros 6]
260 _a[Bogotá]
260 _bBabel,
260 _c2016?]
300 _a[113] páginas sin numerar
300 _b ilustraciones en blanco y negro
300 _c 16 cm
505 _aVoto de la mujer -- El celular -- e-mail -- Matrimonio igualitario -- Carpooling -- Neutralidad de Internet -- Del artículo 20 a twitter -- Colombia en Paz -- De la parabólica a Youtube -- Economía colaborativa
520 _aLa innovación es inevitable, venimos programados para diseñar nuevas y mejores soluciones para todo aquello con lo que estamos conformes. '10 hitos en los que Colombia cambia el chip' invito a 11 líderes de opinión, de todos los rincones del país.
546 _aspa
650 _aTiras comicas, historietas, etc. Humorismo gráfico--
799 _aGaviria Cortés, Émerson, caricaturista Ramírez Parra, Alfredo, caricaturista Barreto, Alberto, caricaturista Gonzalez, Julio César, caricaturista
999 _c3858
_d3858